000 00459nam a2200193Ia 4500
005 20240823024230.0
008 240823s9999||||xx |||||||||||||| ||und||
020 _a978-81-7758-643-5
041 _aENGLISH
082 _A621.3815 P9
100 _aFloyd
245 0 _aElectronic Devices
250 _a7th
260 _c2009
_b"Pearson Education,"
500 _aTRANSFERED
650 _aElectronic Devices
_bElectronics
942 _cBK
999 _c183435
_d183435